Loading...

Noun morphology of the Pulaya (Cheramar) dialect of Malayalam

Bibliographic Details
Main Author: Simmie, T. S.
Format: Ph.D Thesis
Published: Trivandrum Dept. of Linguistics, University of Kerala 1987
Subjects:
LEADER 00555nam a2200181 4500
020
082
100 |a Simmie, T. S. 
245 |a Noun morphology of the Pulaya (Cheramar) dialect of Malayalam  |h English 
250
260 |a Trivandrum  |b Dept. of Linguistics, University of Kerala  |c 1987 
300 |a 78 P  |f Book 
500 |a MA 
650 |a Noun morphology of the Pulaya (Cheramar) dialect of Malayalam 
700
942 |c THES 
999 |c 269787  |d 269787 
952 |0 0  |1 0  |4 0  |7 0  |9 286506  |a LIN  |b LIN  |d 2009-02-11  |l 0  |p LINT388  |r 2020-02-06  |w 2020-02-06  |y THES